000 00572nam a2200193Ia 4500
001 13229
003 GE_BSU
008 181216s||||||||xx |||||||||||||| ||und||
040 _cGE_BSU
080 _a632
245 _aОпределитель болезней растении
245 _cПод.общ.ред.Хохрякова М.К. Ред.Л.Н.Жданова
260 _aЛенинград
260 _bКолос
260 _c1966
300 _a592стр.илл.20см.
653 _aОпределитель болезней растении
942 _cBK
999 _c46393
_d46393